Literatur – Buchtitel ergänzen - Statistiken

Allgemein
  • Dieses Quiz wurde 387 mal gespielt
  • Das Durchschnittsergebnis liegt bei 13 aus 16
Antwortstatistiken
Hint Antwort % Korrekt
Friedrich Dürrenmatt – Der Besuch der alten ____ Dame
98%
Thomas Harris – Das ____ der Lämmer Schweigen
98%
Christiane F. – Wir Kinder vom ____ Zoo Bahnhof
95%
Agatha Christie – Die Tote in der ____ Bibliothek
93%
Stephen King – Friedhof der ____ Kuscheltiere
93%
Milan Kundera – Die unerträgliche ____ des Seins Leichtigkeit
86%
Carlos Ruiz Zafón – Der ____ des Windes Schatten
86%
Thomas Mann – Bekenntnisse des ____ Felix Krull Hochstaplers
85%
Frank McCourt – Die ____ meiner Mutter Asche
83%
Harper Lee – Wer die ____ stört Nachtigall
81%
Ken Follett – Die ____ der Erde Säulen
81%
Joseph von Eichendorff – Aus dem Leben eines ____ Taugenichts
79%
Salman Rushdie – Die Satanischen ____ Verse
75%
Delia Owens – Der Gesang der ____ Flusskrebse
74%
Gabriel Garcia Márquez – Die Liebe in den Zeiten der ____ Cholera
73%
John Irving – Gottes Werk und Teufels ____ Beitrag
69%
Keine übereinstimmenden Quizze gefunden
Verteilung der Resultate
Anzahl Personen mit jedem Resultat
Perzentil nach korrekt beantworteten Fragen
Ihre Resultats-Entwicklung
Sie haben dieses Quiz noch nicht gespielt